000
00399nam a2200145Ia 4500
008
100204s9999 xx 000 0 und d
082
_b
11797
100
_a
कदम बा.
245
_a
राणीमा
260
_b
"मधुर पब्लिकेशन , पुणे 2"
_c
1988
300
_a
530
630
_a
राणीमा
730
_a
राणीमा
942
_c
BOOK
999
_c
456209
_d
456206